[Event "IND-chB (Women) 41st"]
[Site "Mapusa"]
[Date "2014.09.07"]
[Round "1"]
[White "Monika, Sahu"]
[Black "Vijayalakshmi, Subbaraman"]
[Result "0-1"]
[WhiteElo "1423"]
[BlackElo "2314"]
[PlyCount "120"]
[EventDate "2014.09.07"]
[EventType "swiss"]
[EventRounds "11"]
[EventCountry "IND"]
[SourceTitle "CBM 162 Extra"]
[Source "ChessBase"]
[SourceDate "2014.10.17"]
[SourceVersion "1"]
[SourceVersionDate "2014.10.17"]
[SourceQuality "1"]

1. e4 d6 2. d4 g6 3. Nf3 Bg7 4. c4 Nd7 5. Nc3 e5 6. d5 Ngf6 7. Be3 0-0 8. Bd3 a6 9. a4 Ng4 10. Qd2 Nxe3 11. Qxe3 f5 12. 0-0 f4 13. Qe2 g5 14. h3 Nc5 15. Nh2 Nb3 16. Rab1 Nd4 17. Qd1 f3 18. Nxf3 Rxf3 19. gxf3 Bxh3 20. Re1 Qf6 21. Re3 Bd7 22. Be2 Rf8 23. Qf1 Qh6 24. Qg2 Rf4 25. Bd3 Qf6 26. Be2 Be8 27. Qh3 Rh4 28. Qg2 Bh5 29. Rd1 Rf4 30. Qh3 Nxf3+ 31. Bxf3 Bxf3 32. Qc8+ Bf8 33. Qe6+ Qxe6 34. dxe6 Bxd1 35. Nxd1 Rf6 36. Rb3 b6 37. a5 bxa5 38. Ra3 Rxe6 39. Rxa5 Re8 40. Rxa6 Be7 41. Ne3 Rb8 42. Nd5 Bd8 43. b4 Kf7 44. Ra7 Ke6 45. b5 Rc8 46. Nb4 g4 47. Kg2 h5 48. Nc6 Bh4 49. Nb4 Rf8 50. Rxc7 Rxf2+ 51. Kg1 Re2 52. b6 Bf2+ 53. Kf1 Bxb6 54. Rh7 Rf2+ 55. Ke1 Rf7 56. Rh6+ Kd7 57. Rxh5 Ba5 58. Ke2 Bxb4 59. Rg5 Rf4 60. Kd3 Bc5 0-1